| 000 | 00784cam a22002531 4500 | ||
|---|---|---|---|
| 001 | ca 34001540 | ||
| 003 | DLC | ||
| 005 | 20260227111134.0 | ||
| 008 | 811121s1934 xx a 000 0 eng | ||
| 010 | _aca 34001540 | ||
| 035 | _a(OCoLC)14733491 | ||
| 040 |
_aDLC _cDNLM _dDLC |
||
| 042 | _apremarc | ||
| 050 | 0 | 0 |
_aRE939 _b.M3 |
| 060 | 0 |
_aWW 300 _bM182c 1934 |
|
| 100 | 1 |
_aMadigan, Leo Francis, _d1895- |
|
| 245 | 1 | 0 |
_aClinical treatment of aniseikonia, _cby Leo F. Madigan and Elmer H. Carleton ... |
| 260 |
_aSouthbridge, Mass., _bAmerican optical company, _cc1934. |
||
| 300 |
_a111 l. _bill. |
||
| 500 | _aMimeographed. | ||
| 500 | _aCase record envelope mounted on numb. leaf 106. | ||
| 504 | _aBibliography: numb. leaf 111. | ||
| 700 | 1 |
_aCarleton, Elmer Howard, _d1868- |
|
| 999 |
_c17548 _d17548 |
||